| 000 | 01221cas a2200373 a 4500 | ||
|---|---|---|---|
| 001 | 11503683 | ||
| 003 | PILC | ||
| 005 | 20150826080622.0 | ||
| 008 | 930602c19939999vra x 0 0eng c | ||
| 010 |
_a 98659335 _z 96140661 |
||
| 035 | _a(OCoLC)ocm28193550 | ||
| 040 |
_aViMcC _beng _cViMcC _dCMv _dOCoLC _dDLC _dOCoLC _dDLC _dCLU _dMH _dOCoLC |
||
| 042 | _apcc | ||
| 043 | _aa-br--- | ||
| 050 | 0 | 0 |
_aDS 527.3 _b.B87 2005 |
| 082 | 0 | 4 | _a915.9104 |
| 130 | 0 | _aMyanmar (Burma) (Hawthorn, Vic.) | |
| 245 | 1 | 0 | _aMyanmar (Burma) / |
| 246 | 3 | _aBurma | |
| 260 |
_aHawthorn, Vic., Australia ; _aBerkeley, CA : _bLonely Planet Publications, _c1993. |
||
| 300 |
_a404 pages : _billustrations, maps ; _c19 cm. |
||
| 310 | _aIrregular | ||
| 362 | 0 | _a5th ed.- | |
| 490 | 1 | _a5th ed.- <7th ed.> : Lonely Planet travel survival kit | |
| 500 | _aSubtitle varies. | ||
| 590 | _aSERBIB/SERLOC merged record | ||
| 651 | 0 |
_aBurma _vGuidebooks. |
|
| 780 | 0 | 0 |
_tBurma ((South Yarra, Vic.) _w(DLC) 98659334 _w(OCoLC)15863068 |
| 830 | 0 | _aLonely Planet travel survival kit. | |
| 906 |
_a7 _bcbc _cserials _du _encip _f19 _gn-oclcserc |
||
| 942 |
_2lcc _cBK _kFOR |
||
| 999 |
_c288492 _d288492 |
||